[Event "Bad Soden U18 op 5th"]
[Site "Bad Soden"]
[Date "2018.10.02"]
[Round "7.9"]
[White "Edelmann, Viktor"]
[Black "Hegmann, Kolja"]
[Result "1/2-1/2"]
[WhiteElo "1399"]
[BlackElo "1614"]
[PlyCount "48"]
[EventDate "2018.09.30"]
[EventType "swiss"]
[EventRounds "9"]
[EventCountry "GER"]
[SourceTitle "EXT 2020"]
[Source "ChessBase"]
[SourceDate "2019.10.17"]
[SourceVersion "1"]
[SourceVersionDate "2019.10.17"]
[SourceQuality "1"]

1. e4 e6 2. d4 d5 3. e5 c5 4. c3 Nc6 5. Bb5 Qb6 6. Bxc6+ bxc6 7. Nf3 c4 8. Be3 c5 9. b3 Ba6 10. Nbd2 Qa5 11. Qc2 f6 12. g3 fxe5 13. Nxe5 Nf6 14. bxc4 Ne4 15. Nxe4 dxe4 16. 0-0 Bd6 17. Qxe4 0-0 18. Rfc1 Rfe8 19. Qg4 cxd4 20. Bh6 Bxe5 21. cxd4 Bf6 22. Rc2 Qf5 23. Qxf5 exf5 24. Be3 Rac8 1/2-1/2

[Event "Bad Soden U18 op 5th"]
[Site "Bad Soden"]
[Date "2018.09.30"]
[Round "1.5"]
[White "Stobbe, Frederik"]
[Black "Edelmann, Viktor"]
[Result "1-0"]
[WhiteElo "1863"]
[BlackElo "1399"]
[PlyCount "69"]
[EventDate "2018.09.30"]
[EventType "swiss"]
[EventRounds "9"]
[EventCountry "GER"]
[SourceTitle "EXT 2020"]
[Source "ChessBase"]
[SourceDate "2019.10.17"]
[SourceVersion "1"]
[SourceVersionDate "2019.10.17"]
[SourceQuality "1"]

1. e4 e5 2. Bc4 Nf6 3. d3 Bc5 4. Nc3 d6 5. Na4 Bb4+ 6. c3 Ba5 7. b4 Bb6 8. Nxb6 axb6 9. Ne2 Qe7 10. 0-0 h6 11. f4 c6 12. Ng3 g6 13. fxe5 Qxe5 14. d4 Qe7 15. e5 Ng4 16. Bxf7+ Kd8 17. h3 h5 18. Ne4 Bf5 19. Bg5 Qxg5 20. Nxg5 Ne3 21. Qd2 Nxf1 22. Rxf1 Ke7 23. exd6+ Kxd6 24. Qf4+ Ke7 25. Qe5+ Kd7 26. Qxh8 Rxa2 27. Bxa2 Kc7 28. Qe5+ Kd7 29. Rxf5 gxf5 30. Qe6+ Kc7 31. Qe7+ Nd7 32. Ne6+ Kb8 33. Qxd7 Ka7 34. Nd8 Ka6 35. Bc4+ 1-0

[Event "Bad Soden U14 op"]
[Site "Bad Soden"]
[Date "2017.10.01"]
[Round "5"]
[White "Edelmann, Viktor"]
[Black "Porstendoerfer, Yannik"]
[Result "0-1"]
[WhiteElo "999"]
[BlackElo "1231"]
[PlyCount "122"]
[EventDate "2017.09.30"]
[EventType "swiss"]
[EventRounds "9"]
[EventCountry "GER"]
[SourceTitle "EXT 2019"]
[Source "ChessBase"]
[SourceDate "2018.10.10"]
[SourceVersion "1"]
[SourceVersionDate "2018.10.10"]
[SourceQuality "1"]

1. e4 c5 2. Nc3 Nc6 3. Nf3 g6 4. Bc4 a6 5. a3 b5 6. Ba2 Bg7 7. Ng5 e6 8. d3 Nge7 9. Qf3 0-0 10. Qh3 h6 11. Nf3 Kh7 12. Ng5+ Kg8 13. Nf3 g5 14. Qg3 f5 15. h4 g4 16. Nh2 h5 17. f3 Nd4 18. Bb3 Nxb3 19. cxb3 Ng6 20. Bg5 Bf6 21. Bxf6 Qxf6 22. Nf1 f4 23. Qf2 Ne5 24. 0-0-0 g3 25. Qxc5 Bb7 26. d4 Ng6 27. Qxh5 Kf7 28. e5 Qg7 29. Qg5 Ke8 30. h5 Rh8 31. Rh3 Bxf3 32. Rd2 Qh6 33. Qxh6 Rxh6 34. gxf3 Ke7 35. Ne4 Rah8 36. Nf6 d6 37. Ng4 Rxh5 38. exd6+ Kxd6 39. Rxh5 Rxh5 40. Nf6 Rh1 41. Rg2 Rxf1+ 42. Kd2 Rxf3 43. Ne4+ Kd5 44. Nc3+ Kxd4 45. Ne2+ Ke5 46. Ng1 Rxb3 47. Kc2 Re3 48. Kd2 Nh4 49. Re2 Rxe2+ 50. Kxe2 Ke4 51. b3 f3+ 52. Nxf3 Nxf3 53. Kf1 Nd2+ 54. Kg1 Nxb3 55. Kh1 Kf3 56. Kg1 g2 57. a4 b4 58. a5 e5 59. Kh2 Kf2 60. Kh3 g1Q 61. Kh4 Qg6 0-1

[Event "Bad Soden U14 op"]
[Site "Bad Soden"]
[Date "2017.10.01"]
[Round "4"]
[White "Samodurov, Georg"]
[Black "Edelmann, Viktor"]
[Result "0-1"]
[WhiteElo "831"]
[BlackElo "999"]
[PlyCount "90"]
[EventDate "2017.09.30"]
[EventType "swiss"]
[EventRounds "9"]
[EventCountry "GER"]
[SourceTitle "EXT 2019"]
[Source "ChessBase"]
[SourceDate "2018.10.10"]
[SourceVersion "1"]
[SourceVersionDate "2018.10.10"]
[SourceQuality "1"]

1. e4 e5 2. Nf3 Nc6 3. Bc4 a6 4. a3 h6 5. c3 d6 6. d4 Nf6 7. Nbd2 Bg4 8. 0-0 Bxf3 9. Qxf3 exd4 10. Nb3 Ne5 11. Qd1 Nxc4 12. Qxd4 Ne5 13. Qe3 c5 14. Bd2 Nc4 15. Qf3 Qb6 16. Qd1 Nxb2 17. Qc2 Nc4 18. Bf4 Ne5 19. Nd2 g5 20. Rab1 Qc7 21. Bg3 Nh5 22. Bxe5 dxe5 23. Rfe1 Rd8 24. Nc4 b5 25. Ne3 Nf6 26. Nf5 Qa5 27. Ra1 Qa4 28. Qb1 Qc4 29. Qc2 Qd3 30. Qe2 Qxe2 31. Rxe2 Rd3 32. Rc1 Be7 33. Ng7+ Kf8 34. Nf5 Rd7 35. Ree1 Bd8 36. g3 Ba5 37. Re3 Kg8 38. h3 Kh7 39. g4 Rhd8 40. Ng3 c4 41. Nf1 Rd1 42. Re1 Rxe1 43. Rxe1 Bxc3 44. Re3 Rd3 45. Rg3 Nxe4 0-1